Nuts and bolts of E Commerce (Record no. 240836)

MARC details
000 -LEADER
fixed length control field 02134nam a22002297a 4500
005 - DATE AND TIME OF LATEST TRANSACTION
control field 20260310112141.0
008 - FIXED-LENGTH DATA ELEMENTS--GENERAL INFORMATION
fixed length control field 260129b |||||||| |||| 00| 0 eng d
020 ## - INTERNATIONAL STANDARD BOOK NUMBER
International Standard Book Number 0070436258
040 ## - CATALOGING SOURCE
Transcribing agency AL
041 ## - LANGUAGE CODE
Language code of text/sound track or separate title English
082 ## - DEWEY DECIMAL CLASSIFICATION NUMBER
Classification number 658.054
Item number NATN
100 ## - MAIN ENTRY--PERSONAL NAME
Personal name Dhruv Nath
100 ## - MAIN ENTRY--PERSONAL NAME
9 (RLIN) 258397
245 ## - TITLE STATEMENT
Title Nuts and bolts of E Commerce
260 ## - PUBLICATION, DISTRIBUTION, ETC.
Place of publication, distribution, etc. New Delhi
Name of publisher, distributor, etc. Tata Mcgraw-Hill Publishing Company Limited
Date of publication, distribution, etc. 2006
300 ## - PHYSICAL DESCRIPTION
Extent xviii,184p.
Other physical details PB
Dimensions 24x18cm.
365 ## - TRADE PRICE
Price type code IN-1719
Price amount ₹295.10
Currency code
Unit of pricing ₹450.00
Price effective from 14-01-2026
520 ## - SUMMARY, ETC.
Summary, etc. Key Features: What is packet switching? The TCP/IP suite of protocols Internet addressing The magic of Java Server side languages Component based development Application Servers Encryption Digital Certificates?and more About the Author: DHRUV NATH Dr Dhruv Nath is a Professor at one of the leading Business Schools in India. He has a B.Tech. in Electrical Engineering as well as a Ph.D. from IIT Delhi. Subsequently, he spent nearly 20 years with the Indian Software Industry, where he worked in senior positions in diverse areas such as e-Business Consulting, CRM, and Information Systems Planning and Development. Dr Nath moved from industry to academics in 2002. Dr Nath has been a consultant to several organisations such as Hindustan Unilever, Glaxo, Gillette, Nestle, Indian Oil Corporation, Bajaj Auto, Air India, and Thermax, as well as, to the Prime Minister of Namibia and the Chief Minister of Delhi. Dr Nath has written two other books, 'The Nuts and Bolts of E-Commerce', and 'The Nuts and Bolts of CRM', both published by Tata McGraw Hill. He can be contacted at dhruvn55@hotmail.com or dhruvn55@gmail.com. Table of Content: 1. The Wonderful World Wide Web 2. Internet Addressing using IP Addresses 3. Packet Switching 4. The Domain Name System or `DNS? 5. The Need for Databases 6. Java ! 7. The Profitability Problem 8. The Need for Server Side Computing 9. The Need for Components 10. Application Servers 11. Security Concerns on the Internet
650 ## - SUBJECT ADDED ENTRY--TOPICAL TERM
Topical term or geographic name entry element E-Commerce
9 (RLIN) 253041
650 ## - SUBJECT ADDED ENTRY--TOPICAL TERM
Topical term or geographic name entry element Internet Infrastructure
9 (RLIN) 253042
650 ## - SUBJECT ADDED ENTRY--TOPICAL TERM
Topical term or geographic name entry element E-Business Technologies:
9 (RLIN) 253043
942 ## - ADDED ENTRY ELEMENTS (KOHA)
Source of classification or shelving scheme Dewey Decimal Classification
Koha item type Book
Holdings
Withdrawn status Lost status Source of classification or shelving scheme Damaged status Not for loan Collection code Home library Current library Shelving location Date acquired Source of acquisition Cost, normal purchase price Total Checkouts Full call number Barcode Date last seen Cost, replacement price Price effective from Koha item type
    Dewey Decimal Classification     Management St Aloysius Library St Aloysius Library Stack Section 01/23/2026 amazon.in 295.10   658.054 NATN 078078 01/29/2026 450.00 01/14/2026 Book